| 000 | 00359nam a2200133Ia 4500 | ||
|---|---|---|---|
| 005 | 20260328101450.0 | ||
| 008 | 260328s9999||||xx |||||||||||||| ||und|| | ||
| 100 | _aCentro Cultural de España | ||
| 245 | 0 |
_aDiseño con propósito : _b Industrial / _cCentro Cultural de España |
|
| 260 | _b---- | ||
| 300 | _a32 p. | ||
| 650 | _aDISEÑO INDUSTRIAL | ||
| 942 | _cBK | ||
| 999 |
_c8609 _d8609 |
||